000 00303nam a2200121Ia 4500
008 191201s2007 xx 000 0 und d
100 _aSCHILDT, Herbert
245 0 _aWindows 2000 Programming from the Ground Up
260 _aN.Delhi
_bTMH
_c2007
300 _a-
650 _aB.Tech(IT)
942 _2ddc
_cBK
999 _c2954
_d2954